| 000 | 00431nam a22001697a 4500 | ||
|---|---|---|---|
| 003 | SGT | ||
| 020 | _a9789392787140 | ||
| 082 |
_a615.1 _bD22P |
||
| 100 | _aPRASAD, NEELKANT | ||
| 245 | _aDRUG STORE AND DISTRIBUTION MANAGEMENT | ||
| 250 | _a1ST | ||
| 260 |
_aINDIA _bSSB PUB _c2022 |
||
| 300 | _a100 | ||
| 650 | _aFHARMACOLOGY | ||
| 653 | _aDRUG STORE AND DISTRIBUTION MANAGEMENT, SGTU FACULTY PUBLICATION | ||
| 942 |
_2ddc _cBK |
||
| 999 |
_c24471 _d24471 |
||